| 000 | 00953nam a2200229Ia 4500 | ||
|---|---|---|---|
| 003 | Ost | ||
| 005 | 20260507075308.0 | ||
| 008 | 260507s9999||||xx |||||||||||||| ||und|| | ||
| 020 | _a9775159865 | ||
| 040 | _cfsecg | ||
| 041 | _aara | ||
| 082 | _a657.46 | ||
| 100 |
_aالدهراوي، كمال الدين مصطفى _eمؤلف |
||
| 245 | 0 |
_aالمحاسبة المتوسطة وفقا لمعايير المحاسبة المالية / _c كمال الدين مصطفى الدهراوي |
|
| 260 |
_aالإسكندرية : _bالمكتب الجامعي الحديث, _c2009 |
||
| 300 |
_a627 صفحة؛ _bإيضاحات ؛ _c24 سم |
||
| 520 | _aيضم الإطار المفاهيمي للمحاسبة والقوائم المالية، عناصر القوائم المالية | ||
| 653 | _aالمالية العامة- المحاسبة | ||
| 653 | _aالمحاسبة | ||
| 653 | _aالمحاسبة التحليلية | ||
| 942 | _cكتاب | ||
| 999 |
_c43829 _d43829 |
||